Loading...
| Current Events | 2 | 10.00 | 100% | 0% | 0% |
| Fine Arts - Classical Music | 5 | 18.00 | 100% | 60% | 20% |
| Fine Arts - Other | 6 | 15.00 | 100% | 50% | 0% |
| Fine Arts - Painting and Sculpture | 2 | 15.00 | 100% | 50% | 0% |
| Geography | 1 | 20.00 | 100% | 100% | 0% |
| History - American | 6 | 18.33 | 100% | 67% | 17% |
| History - European | 7 | 14.29 | 100% | 29% | 14% |
| History - Other | 6 | 16.67 | 100% | 50% | 17% |
| History - World | 1 | 20.00 | 100% | 100% | 0% |
| Literature - American | 4 | 17.50 | 100% | 50% | 25% |
| Literature - British | 6 | 13.33 | 100% | 33% | 0% |
| Literature - European | 7 | 12.86 | 100% | 14% | 14% |
| Literature - World | 1 | 10.00 | 0% | 100% | 0% |
| Mythology | 5 | 14.00 | 100% | 20% | 20% |
| Other Academic | 1 | 10.00 | 0% | 0% | 100% |
| Philosophy | 6 | 10.00 | 67% | 33% | 0% |
| Religion | 6 | 15.00 | 100% | 50% | 0% |
| Science - Biology | 7 | 10.00 | 71% | 29% | 0% |
| Science - Chemistry | 6 | 15.00 | 100% | 33% | 17% |
| Science - Other | 4 | 10.00 | 75% | 25% | 0% |
| Science - Physics | 5 | 10.00 | 100% | 0% | 0% |
| Social Science | 6 | 8.33 | 83% | 0% | 0% |